MDQL
is popping MORE tags! Check the
thread
!
Quizzes
Events
Quiz Creation
Community
Videos
Private Events
Remove Ads
Sign In
Join for FREE
Feedback
Dark Mode
Quiz Categories
Sports
Geography
Music
Movies
Television
Just For Fun
Miscellaneous
History
Literature
Language
Science
Gaming
Entertainment
Religion
Holiday
For Kids
Quiz Lab
Recent
Popular Today
Quiz Kudos Today
Editor Picks
Curator Picks
Quizzes by...
Day
Popularity
Type
Ratings
Length
Year
Community
Subscriptions
Recent Discussions
Orange Saloon
Badges
Playlists
Quests
Create
Leaderboards
Showdown
Live 5
Trivia Bingo
Activity
Puzzle Library
Sporcle Events
Private Events
Virtual Trivia
Globe League
Become a Host
Pub Owners
SporcleCon
Opinionation
Our Games
Videos
Blog
Mobile Apps
Partnerships
Remove Ads and Go Orange
Feedback
Literature
Harry Potter
A Song of Ice and Fire
The Hunger Games
Literary Character
Shakespeare
Book
Author
Novel
Poem
Young Adult
Children's Books
Play
Lord of the Rings
Literature
Harry Potter
A Song of Ice and Fire
The Hunger Games
Literary Character
Shakespeare
Book
Author
Novel
Poem
Young Adult
Children's Books
Play
Lord of the Rings
Random Quiz
Search Sporcle
×
Quiz Lab
Quiz Lab
Literature
Author
Type in answers that appear in a list
Type in answers that appear in a list
Classic
Best Score? Go Orange.
Autobiography by title (HARD) Stats
Can you name the author of their autobiography from its title?
By
itsacon
10m
60 Questions
40 Plays
40 Plays
40 Plays
Comments
Comments
Give Quiz Kudos
Give Quiz Kudos
-
- Ratings
hide this ad
More Info
Random Order
Randomize order of answers
Randomize order of answers
Replay
Link that replays current quiz
Next Quiz
Link to next quiz in quiz playlist
You Got
0%
They Got
Avg Score
21%
Avg Friend Score
Upgrade to see
Score Distribution
Jump to the score distribution portion of the page
Score
0/60
Timer
10:00
0
Plays Today
Autobiography
Author
% Correct
Moonwalk
Michael Jackson
77.5%
Bossypants
Tina Fey
62.5%
I Know Why the Caged Bird Sings
Maya Angelou
60%
It's Not About the Bike: My Journey Back to Life
Lance Armstrong
60%
Up from Slavery: An Autobiography
Booker T. Washington
47.5%
Born Standing Up: A Comic's Life
Steve Martin
42.5%
Living History
Hilary Clinton
40%
Open: An Autobiography
Andre Agassi
40%
A Funny Thing Happened on the Way to the Future: Twists and Turns and Lessons Learned
Michael J. Fox
40%
The Motorcycle Diaries
Che Guevara
40%
Losing My Virginity: How I Survived, Had Fun, and Made a Fortune Doing Business My Way
Richard Branson
37.5%
You Cannot be Serious
John McEnroe
37.5%
My Life in France
Julia Child
35%
A Pirate Looks at Fifty
Jimmy Buffett
35%
Decision Points
George W. Bush
32.5%
Wouldn't It Be Nice: My Own Story
Brian Wilson
32.5%
Black Boy
Richard Wright
27.5%
The Bedwetter: Stories of Courage, Redemption, and Pee
Sarah Silverman
25%
The Autobiography of Alice B. Toklas
Gertrude Stein
25%
I Never Had it Made
Jackie Robinson
20%
Speak, Memory
Vladimir Nabokov
17.5%
American on Purpose: The Improbable Adventures of an Unlikely Patriot
Craig Ferguson
17.5%
The Yankee Years
Joe Torre
17.5%
Papa John
John Phillips
17.5%
The Measure of a Man: A Spiritual Autobiography
Sidney Poitier
17.5%
My Inventions*
Nikola Tesla
17.5%
How to Talk Dirty and Influence People
Lenny Bruce
17.5%
An Autobiography: The Story of My Experiments with Truth
Mohandas Gandhi
17.5%
Official Book Club Selection*
Kathy Griffin
15%
If You Ask Me (And of Course You Won't)
Betty White
15%
Autobiography
Author
% Correct
Freedom in Exile*
Dalai Lama
15%
Dry: A Memoir
Augusten Burroughs
15%
My Turn at Bat: The Story of My Life
Ted Williams
15%
My Life as a Furry Red Monster*
Kevin Clash
12.5%
Broken Music: A Memoir
Sting
12.5%
Blues All Around Me*
B.B. King
12.5%
For the Love of the Game: My Story
Michael Jordan
12.5%
What I Talk About When I Talk About Running: A Memoir
Haruki Murakami
12.5%
Through My Eyes
Tim Tebow
12.5%
The Seven Storey Mountain
Thomas Merton
10%
Quiet Strength: The Principles, Practices, and Priorities of a Winning Life
Tony Dungy
10%
Stick to Drawing Comics, Monkey Brain!: Cartoonist Ignores Helpful Advice
Scott Adams
10%
The Only Way I Know
Cal Ripken Jr.
10%
A Simple Path
Mother Teresa
10%
To the Stars*
George Takei
10%
My Lucky Life In and Out of Show Business: A Memoir
Dick van Dyke
10%
A Child Called 'It': One Child's Courage to Survive
Dave Pelzer
10%
Manhood for Amateurs: The Pleasures and Regrets of a Husband, Father, and Son
Michael Chabon
10%
Experiment in Autobiography
H.G. Wells
7.5%
Getting It Through My Thick Skull: Why I Stayed, What I Learned, and What Millions of People Involved with Sociopaths Need to Know
Mary Jo Buttafuoco
7.5%
Don't Shoot, It's Only Me
Bob Hope
7.5%
In My Own Fashion: An Autobiography
Oleg Cassini
7.5%
Famous for Fifteen Minutes: My Years with Andy Warhol
Ultra Violet
7.5%
Disturbing the Universe
Freeman Dyson
7.5%
Born Again
Charles Colson
5%
The First Billion is the Hardest
T. Boone Pickens
5%
Portrait of Myself
Margaret Bourke-White
5%
Journal of a Soul
Pope John XXIII
5%
Confessions of an Actor: An Autobiography
Lawrence Olivier
5%
Prince of Darkness: 50 Years of Reporting in Washington
Robert Novak
5%
Quiz Playlist
Details
Report
Send in Message
Add To Playlist
More Info:
Starred titles have had their subtitles removed because they contained the author's name
Classic:
Type in answers that appear in a list
Random Order:
Randomize order of answers
Last Updated: Feb 16, 2017
Quiz Scoreboard
CHALLENGE
Sign Up to Join the Scoreboard
Show All
Scores
Hide
Comments
May contain spoilers
Recently Published
5x2 Blitz: Bands
by SL_Kpop136
Music
30s
Colored Red Africa Blitz
by spor1
Geography
30s
Find the 'City' Movie
by crazypaving
Movies
60s
More to Explore
Quiz From the Vault
Featured Blog Post
14 Easter Pick-up Lines to Find Eggs With
hide this ad
You Might Also Like...
Tags
Author Quiz
Autobiography
memoir
Today's Top Quizzes in Literature
Browse Literature
hide this ad
Today's Top Quizzes in Author
Browse Author
Top Contributed Quizzes in Literature
1
Sneaky Slytherin Logic Puzzle
2
Mini Trivia Sudoku: A Song of Ice and Fire
3
The Hunger Games Logic Puzzle: Find Katniss
4
One Thing in Common: Literature II
5
Harry Potter Clickable Logic Puzzle #4
6
A Harry Potter Logic Puzzle
7
Harry Potter Video Game Releases
8
Pick 3: Harry Potter Classmates
9
Click the Dead Men
10
Silmarillion Characters by Any 3 Letters
Explore More
Trending Topics
Marvel
Harry Potter
Crossword
Anime
Disney
NBA
Kpop
Puzzle
Pokémon
WWE
Country
The Office
Song
NFL
Soccer
hide this ad
More By:
itsacon
Quiz
Plays
Rating
Category
Featured
Created
EFL Championship Winners since 1992
1,016
3.00
Sports
May 12, 2017
Challenging Autobiography by Author (Clickable)
558
4.00
Literature
Apr 27, 2014
Little Einsteins Theme
527
4.50
Television
Oct 9, 2015
G.I. Joe Opening Voiceover
515
3.38
Television
May 5, 2011
Aardman Animation Feature Films
451
4.80
Movies
Aug 20, 2016
Go to Creator's Profile
Score Distribution
Quiz Creator Spotlight
itsacon
Follow
Send a Message
Quizzes Created
-
Created Quiz Play Count
-
More By This Creator
Popular Quizzes Today
1
Find the 'City' Movie
2
Colored Red Africa Blitz
3
Find the US States - No Outlines Minefield
4
5x2 Blitz: Bands
5
The Countries of the World
6
Find the US States
7
US States
8
9x9 Crossword: Cartoon Network
More Literature Quizzes
Harry Potter Deaths
Quiz Lab
Trending Quizzes
Colored Red Europe Blitz I
Colored Red Africa Blitz II
Colored Red Europe Blitz II
Colored Red Europe Blitz III
Colored Red Africa Blitz III
Recently Updated
Famous TV Couples
Peacemaker
Champions League XIs: Real Madrid
pecheneg
Largest US Cities 1790-2010
pecheneg
Rides in Walt Disney World
pecheneg
Most Oscar Losses (Acting)
pecheneg
Beyoncé Albums
pecheneg
Leaping Animals
pecheneg
Reality TV Shows (A-Z)
bhenderson79
Rickey Henderson's Hall of Fame Teammates
pecheneg
Champions League XIs: Arsenal
pecheneg
Trending Topics
Kpop
Disney
Anime
Crossword
NBA
Harry Potter
Marvel
Country
The Office
Puzzle
Soccer
WWE
Song
NFL
Pokémon
Your Account Isn't Verified!
In order to create a playlist on Sporcle, you need to verify the email address you used during registration. Go to your
Sporcle Settings
to finish the process.
Report this User
Report this user for behavior that violates our
Community Guidelines
.
Details:
Send Report
Go to the Sporcle.com Mobile Site →
Comments